000 00763nam a2200265Ia 4500
003 OSt
005 20221007103558.0
006 a|||||r|||| 00| 0
007 ta
008 221006b |||||||| |||| 00| 0 eng d
020 _a0804708320
024 _a13,524
037 _cTextual
040 _aLCO
_cLCO
_beng
041 _2eng
_aeng
082 _aZ,5Z7, L3
100 _aKadish M.R.
_9705277
245 0 _aDiscretion to Disobey
_b A study of Law ful Departures from Legal Rules
260 _aCalifornia
_bStanford University Press USA
_c1973
300 _a241
650 _aDISCRETION TO DISOBEY
_9705278
700 _a Kadish S.H.
_9702550
942 _hZ,5Z7, L3
_cTEXL
999 _c1183087
_d1183087